[Event "ESP-ch U14 rapid"]
[Site "Salobrena"]
[Date "2024.07.20"]
[Round "2"]
[White "Garcia Rodriguez, Laia"]
[Black "Prochaieva, Yelyzaveta"]
[Result "1-0"]
[WhiteElo "1863"]
[BlackElo "1724"]
[PlyCount "141"]
[EventDate "2024.07.20"]
[EventType "swiss (rapid)"]
[EventRounds "9"]
[EventCountry "ESP"]
[SourceTitle "CBM 221 Extra"]
[Source "ChessBase"]
[SourceDate "2024.09.30"]
[SourceVersion "1"]
[SourceVersionDate "2024.09.30"]
[SourceQuality "1"]

1. e4 c5 2. Nc3 e6 3. Nge2 a6 4. g3 b5 5. Bg2 Bb7 6. a3 Qc7 7. 0-0 d6 8. d3 Nd7 9. h3 Ngf6 10. Kh2 Be7 11. f4 e5 12. f5 Nb6 13. Bd2 d5 14. exd5 Nbxd5 15. Ne4 Rd8 16. Qe1 Qb8 17. N2c3 Nxc3 18. Bxc3 Nxe4 19. dxe4 Bf6 20. Qe3 Qc7 21. Rad1 0-0 22. Qe2 Qb6 23. g4 h6 24. Rxd8 Rxd8 25. Rd1 Bg5 26. Bxe5 Rxd1 27. Qxd1 c4 28. Qe2 Bf6 29. Bxf6 gxf6 30. Qd2 Qc7+ 31. Kh1 Kg7 32. Qe3 Qe5 33. c3 Qd6 34. Bf3 Qd3 35. Qxd3 cxd3 36. Kg1 d2 37. Kf2 Bxe4 38. Bd1 Kf8 39. Ke3 Bg2 40. h4 Bc6 41. Kxd2 Ke7 42. Ke3 Kd6 43. Kd4 Bd5 44. b3 Bb7 45. c4 bxc4 46. bxc4 Bg2 47. c5+ Kc7 48. Kc4 Bf1+ 49. Kb4 Kc8 50. Bf3 Bb5 51. Ka5 Kc7 52. a4 Bc4 53. Kb4 Ba2 54. a5 Kc8 55. Be2 Kb7 56. Bc4 Bxc4 57. Kxc4 Kc8 58. Kd5 Kc7 59. c6 Kc8 60. Kd6 Kd8 61. c7+ Kc8 62. h5 Kb7 63. Kd7 Ka7 64. Kd8 Kb7 65. c8Q+ Ka7 66. Qc7+ Ka8 67. Qxf7 Kb8 68. Qxf6 Ka8 69. Kc7 Ka7 70. Qb6+ Ka8 71. Qb7# 1-0

[Event "ESP-ch U14 rapid"]
[Site "Salobrena"]
[Date "2024.07.20"]
[Round "4"]
[White "Hernandez Morales, Adriel"]
[Black "Prochaieva, Yelyzaveta"]
[Result "1/2-1/2"]
[WhiteElo "1835"]
[BlackElo "1724"]
[PlyCount "78"]
[EventDate "2024.07.20"]
[EventType "swiss (rapid)"]
[EventRounds "9"]
[EventCountry "ESP"]
[SourceTitle "CBM 221 Extra"]
[Source "ChessBase"]
[SourceDate "2024.09.30"]
[SourceVersion "1"]
[SourceVersionDate "2024.09.30"]
[SourceQuality "1"]

1. e4 c5 2. Nf3 e6 3. d4 cxd4 4. Nxd4 a6 5. c4 Bb4+ 6. Bd2 Qb6 7. Bxb4 Qxb4+ 8. Qd2 Qxd2+ 9. Nxd2 d6 10. Bd3 e5 11. N4f3 Nf6 12. 0-0 Be6 13. Ng5 Ke7 14. Nxe6 Kxe6 15. f4 Nc6 16. f5+ Ke7 17. a3 Nd4 18. Nf3 Nxf3+ 19. Rxf3 Nd7 20. g4 h6 21. h4 g5 22. fxg6 fxg6 23. Raf1 Rhf8 24. Rxf8 Rxf8 25. Rxf8 Kxf8 26. Kf2 g5 27. h5 Ke7 28. b4 Kd8 29. Ke3 Kc7 30. Be2 Kb6 31. Kd3 a5 32. Kc3 axb4+ 33. axb4 Nf6 34. Bf3 Kc6 35. Kb3 b6 36. Ka4 Nd7 37. Be2 Nf6 38. Bf3 Nd7 39. Be2 Nf6 1/2-1/2

[Event "ESP-ch U14"]
[Site "Salobrena"]
[Date "2024.07.18"]
[Round "6"]
[White "Prochaieva, Yelyzaveta"]
[Black "Mares, Mario Gabriel"]
[Result "1/2-1/2"]
[WhiteElo "1767"]
[BlackElo "1942"]
[PlyCount "84"]
[EventDate "2024.07.15"]
[EventType "swiss"]
[EventRounds "9"]
[EventCountry "ESP"]
[SourceTitle "EXT 2025"]
[Source "ChessBase"]
[SourceDate "2024.10.14"]
[SourceVersion "1"]
[SourceVersionDate "2024.10.14"]
[SourceQuality "1"]

1. d4 d5 2. Nf3 Nf6 3. c4 c6 4. e3 g6 5. Nc3 Bg7 6. cxd5 cxd5 7. Bd3 0-0 8. 0-0 Nc6 9. a3 a6 10. b4 Bf5 11. Bb2 Rc8 12. Rc1 e6 13. Re1 Ne4 14. Bxe4 Bxe4 15. Nxe4 dxe4 16. Nd2 f5 17. Qb3 Qe7 18. Red1 h5 19. b5 axb5 20. Qxb5 h4 21. Qe2 g5 22. f3 exf3 23. Nxf3 g4 24. Ne5 Bxe5 25. dxe5 Rfd8 26. e4 Rxd1+ 27. Qxd1 Qd8 28. Qb3 Qe7 29. exf5 Kh7 30. f6 Qf7 31. Rd1 Rd8 32. Rxd8 Nxd8 33. Qd3+ Qg6 34. Qxg6+ Kxg6 35. Kf2 Kf5 36. Ke3 Nf7 37. g3 h3 38. Kd3 Ng5 39. Ke3 Nf7 40. Bc3 Ng5 41. Bb2 Kg6 42. Kf4 Nf3 1/2-1/2

[Event "ESP-ch U14"]
[Site "Salobrena"]
[Date "2024.07.17"]
[Round "5"]
[White "Lorente Melcon, Hector"]
[Black "Prochaieva, Yelyzaveta"]
[Result "0-1"]
[WhiteElo "1922"]
[BlackElo "1767"]
[PlyCount "100"]
[EventDate "2024.07.15"]
[EventType "swiss"]
[EventRounds "9"]
[EventCountry "ESP"]
[SourceTitle "EXT 2025"]
[Source "ChessBase"]
[SourceDate "2024.10.14"]
[SourceVersion "1"]
[SourceVersionDate "2024.10.14"]
[SourceQuality "1"]

1. e4 c5 2. Nf3 e6 3. d4 cxd4 4. Nxd4 a6 5. Qf3 d6 6. Be2 g6 7. Nc3 Bg7 8. Be3 Nd7 9. h4 Ne5 10. Qg3 h6 11. h5 Ne7 12. hxg6 N5xg6 13. 0-0-0 e5 14. Nf3 Qc7 15. Nh4 Be6 16. Kb1 0-0-0 17. Nxg6 fxg6 18. Na4 Qa5 19. b3 Qb4 20. Bd2 Qxe4 21. Qc3+ Qc6 22. Qa5 Qxg2 23. Be3 Qc6 24. Ba7 b5 25. Rh4 Kb7 26. Nc5+ dxc5 27. Rxd8 Kxa7 28. Rxh8 Bxh8 29. Rxh6 Bg7 30. Rh7 Bf6 31. Qd8 Qd7 32. Qf8 Bg5 33. Bf3 e4 34. Be2 Qd6 35. f4 exf3 36. Bxf3 Bf5 37. Qa8+ Kb6 38. Qb7+ Ka5 39. b4+ cxb4 40. Rh1 Bxc2+ 41. Kxc2 Qd2+ 42. Kb1 Qd3+ 43. Kb2 Qc3+ 44. Kb1 Bf6 45. Rh2 Qa1+ 46. Kc2 Qxa2+ 47. Kd3 Qxh2 48. Be2 Qd6+ 49. Ke4 Qe5+ 50. Kf3 Qd5+ 0-1

[Event "ESP-ch U14"]
[Site "Salobrena"]
[Date "2023.07.19"]
[Round "5"]
[White "Asensio Miranda, Carlos"]
[Black "Prochaieva, Yelyzaveta"]
[Result "1-0"]
[WhiteElo "1750"]
[BlackElo "1483"]
[PlyCount "173"]
[EventDate "2023.07.17"]
[EventType "swiss"]
[EventRounds "9"]
[EventCountry "ESP"]
[SourceTitle "EXT 2024"]
[Source "ChessBase"]
[SourceDate "2023.10.10"]
[SourceVersion "1"]
[SourceVersionDate "2023.10.10"]
[SourceQuality "1"]

1. e4 c5 2. Nf3 e6 3. d4 cxd4 4. Nxd4 a6 5. Bd3 Nf6 6. 0-0 d6 7. c4 Nbd7 8. Nc3 Qc7 9. f3 Be7 10. Be3 0-0 11. Rc1 b6 12. b4 Bb7 13. a3 Rac8 14. Qd2 Rfe8 15. Nb3 Ne5 16. Na4 Nxd3 17. Qxd3 Nd7 18. Rfd1 Red8 19. Qe2 Re8 20. Qf2 Bd8 21. Qd2 Be7 22. c5 bxc5 23. bxc5 Nxc5 24. Naxc5 dxc5 25. Nxc5 Red8 26. Qe2 Rxd1+ 27. Qxd1 Bxc5 28. Rxc5 Qb8 29. Rg5 g6 30. Qd4 Qc7 31. Qf6 Qc3 32. Qxc3 Rxc3 33. Bd4 Rxa3 34. Rc5 Rd3 35. Bf6 Rd7 36. Kf2 h6 37. h4 Kh7 38. g4 Kg8 39. g5 h5 40. f4 Kh7 41. f5 exf5 42. Re5 Bc6 43. exf5 Rb7 44. Rc5 Rc7 45. Ke3 Rc8 46. Kf4 Bd7 47. fxg6+ fxg6 48. Rd5 Bf5 49. Ra5 Bd3 50. Rd5 Bf5 51. Rd6 Ra8 52. Rb6 a5 53. Rb7+ Kg8 54. Bd4 a4 55. Ke5 Re8+ 56. Kd6 Re6+ 57. Kc5 Kf8 58. Ra7 Bc2 59. Bf6 Ke8 60. Kd4 Rc6 61. Kd5 Rb6 62. Rc7 Bf5 63. Bd4 Ra6 64. Rb7 a3 65. Rb8+ Kd7 66. Rb7+ Kc8 67. Rh7 a2 68. Rh8+ Kb7 69. Rh7+ Kc8 70. Rh8+ Kc7 71. Rh7+ Bd7 72. Be5+ Kd8 73. Rh8+ Be8 74. Ba1 Rc6 75. Rxe8+ Kxe8 76. Kxc6 Ke7 77. Kd5 Kf7 78. Kd6 Kf8 79. Ke6 Kg8 80. Ke7 Kh7 81. Kf6 Kg8 82. Kxg6 Kf8 83. Kxh5 Kf7 84. Kh6 Kg8 85. g6 Kf8 86. Kh7 Ke7 87. g7 1-0

[Event "Kiev Spring op"]
[Site "Kiev"]
[Date "2021.07.16"]
[Round "8"]
[White "Prochaieva, Yelyzaveta"]
[Black "Ivanov, Ivan Petr"]
[Result "0-1"]
[WhiteElo "1016"]
[BlackElo "1491"]
[PlyCount "120"]
[EventDate "2021.07.10"]
[EventType "swiss"]
[EventRounds "9"]
[EventCountry "UKR"]
[SourceTitle "EXT 2024"]
[Source "ChessBase"]
[SourceDate "2023.10.10"]
[SourceVersion "1"]
[SourceVersionDate "2023.10.10"]
[SourceQuality "1"]

1. d4 d5 2. Nf3 e6 3. a3 c5 4. c4 Nf6 5. Nc3 Nc6 6. e3 cxd4 7. exd4 a6 8. Be3 dxc4 9. Bxc4 b5 10. Ba2 Bb7 11. d5 exd5 12. Nxd5 Nxd5 13. Bxd5 Be7 14. Rc1 Rc8 15. 0-0 0-0 16. Ne5 Na5 17. Nd7 Rxc1 18. Bxc1 Bxd5 19. Qxd5 Re8 20. Rd1 Nc4 21. Qf3 Qc7 22. b3 Nxa3 23. Qg4 Kh8 24. Re1 Qc3 25. Qd1 Nc2 26. Re2 Nd4 27. Re4 Ne6 28. Ne5 Kg8 29. Re3 Qc7 30. Qd2 Bg5 31. Nf3 Bxe3 32. Qxe3 Rc8 33. Bd2 h6 34. Ne5 Qc5 35. Nd7 Qd4 36. Qxd4 Nxd4 37. b4 Rd8 38. Nc5 Ne2+ 39. Kf1 Rxd2 40. Ke1 Rb2 41. Nxa6 Nc3 42. f3 Rxg2 43. Kf1 Rxh2 44. Kg1 Rc2 45. Kf1 g5 46. Kg1 Kg7 47. Nc5 Kg6 48. Nd3 f5 49. f4 gxf4 50. Nxf4+ Kg5 51. Nd3 Kg4 52. Nf2+ Rxf2 53. Kxf2 Nd5 54. Ke2 Nxb4 55. Kd2 Nc6 56. Kc2 b4 57. Kb2 f4 58. Kb3 f3 59. Kb2 f2 60. Ka2 f1Q 0-1